000 00392nam a2200133Ia 4500
008 250506s9999 xx 000 0 und d
024 _aNA
082 _a621.3815483072 HAN
100 _aJahanzaib Hanif, Maimoona Roomi & Mansoor Shahzad
245 0 _aPC Based Oscilloscope
260 _aKarachi:
_bUIT,
_c2000
600 _aComputer System Engineering
650 _aBachelor of Engineering (BE)
999 _c27670
_d27670